000 01456cam a2200409 i 4500
001 8243
003 KOSZ 005
005 20200902114256.0
008 080611s1961 pl a f f 001 0 pol
015 _aPB 1961/4508
040 _aWA N
_cWA N
_dKOSZ 005/HR
046 _k1961
080 _a666
080 _a541
080 _a(07)
100 1 _aSkalmowski, Włodzimierz
_d(1899-1980)
_eAutor
245 1 0 _aPodstawy krystalochemii i fizykochemii materiałów budowlanych /
_cWłodzimierz Skalmowski, Tadeusz Penkala.
260 _aWarszawa :
_b"Arkady",
_cdr. 1961.
300 _a233, [1] s., [3] k. tabl. :
_bil., err. ;
_c25 cm.
336 _2rdacontent
_aTekst
_btxt
337 _2rdamedia
_aBez urządzenia pośredniczącego
_bn
338 _2rdacarrier
_aWolumin
_bnc
380 _aKsiążki
385 _mPoziom nauczania
_aSzkoły wyżzsze
388 _a1901-2000
388 _a1945-1989
504 _aBibliogr. s. 224-[225]. Indeks.
521 8 _aDla studentów szkół akad. i technologów przemysłu materiałów budowlanych i budownictwa.
650 4 _aMateriały budowlane
650 4 _aChemia
655 4 _aPodręcznik
658 _aArchitektura i budownictwo
700 1 _aPenkala, Tadeusz
_d(1912-1983)
_eAutor
710 2 _aWydawnictwo Arkady
_4pbl.
856 _uhttp://koha.tu.koszalin.pl/cgi-bin/koha/opac-detail.pl?biblionumber=8243
_yKatalog online BPK
942 _2UKD
_cKS
999 _c8243
_d8243